| 000 | 00873nam0a22002531 4500 | ||
|---|---|---|---|
| 001 | rc\4718770 | ||
| 005 | 20130416213004.5 | ||
| 035 | _a(NLR Aleph) 008440397 | ||
| 090 |
_a9474347 _c9474347 |
||
| 100 | _a20130416d1957 |||y0rusy50 ca | ||
| 101 | 0 | _arus | |
| 102 | _aRU | ||
| 105 | _ay z ||||| | ||
| 200 | 1 | _aУбрано 106 гектаров льна | |
| 210 |
_aНовгород _cБ. и. _d1957 |
||
| 215 |
_a3 с. _d21 |
||
| 225 | 1 | _aОпыт участников областной сельскохозяйственной выставки | |
| 300 | _aПеред загл. авт.: С.П. Неченков, льнотеребильщик Боровенковск. МТС Окуловск. района | ||
| 700 | 1 |
_aНеченков _bС. П. |
|
| 801 | 0 |
_aRU _bNLR _gpsbo |
|
| 801 | 1 |
_aRU _bELAR _2rusmarc |
|
| 852 |
_aNLR _j57-4/5285 |
||
| 942 | _cBOOK | ||
| 980 | _aNB | ||